• 首页
  • 本馆介绍
  • 公告通知
  • 最新文献
  • 馆藏检索
  • 电子资源
  • 读者导购
  • 参考咨询
  • 我的图书馆
  • 登录
  • 详细信息显示
  • 放入我的书架
  • 预约/预借图书
  • 作者相关作品
  • 分类相关作品
  • 丛书相关作品
  • 出版社相关作品

书目信息

  • 表格格式
  • 工作单格式
  • 卡片格式
题名:
危险化学品事故急救
    
 
作者: 岳茂兴 主编
分册:  
出版信息: 北京   化学工业出版社  2005
页数: 451页
开本: 24cm
丛书名: 危险化学品安全丛书
单 册:
中图分类: R595.059.7
科图分类:
主题词: 化工产品--中毒--急救 , 化工产品 , 中毒 , 急救
电子资源:
ISBN: 7-5025-6170-6
000 00932oam2 2200289 450
001 012007434652
005 20070517114006.04
010    @a7-5025-6170-6@dCNY48.00
100    @a20070512d2005 km y0chiy0120 ea
101 0  @achi
102    @aCN@b110000
105    @ay z 000yy
106    @ar
200 1  @a危险化学品事故急救@Awei xian hua xue pin shi gu ji jiu@f岳茂兴主编@Fyue mao xing zhu bian
210    @a北京@c化学工业出版社@d2005
215    @a451页@d24cm
225 2  @a危险化学品安全丛书
330    @a本书是作者总结自己多年的临床实践经验,并广泛收集国内外有关资料撰写而成的。全书系统介绍了常见危险化学品的毒理学以及中毒后的急救措施。
461  0 @12001 @a危险化学品安全丛书
606 0  @a化工产品@x中毒@x急救
606 0  @a化工产品
606 0  @a中毒
606 0  @a急救
690    @aR595.059.7@v4
701  0 @a岳茂兴@Ayue mao xing@f(1944.11~)@4主编
801  0 @aCN@bRULIN@c20070517
905    @dR595.059.7@e96@s8
    
    危险化学品事故急救/岳茂兴主编.-北京:化学工业出版社,2005
    451页;24cm.-(危险化学品安全丛书)
    
    
    ISBN 7-5025-6170-6:CNY48.00
    本书是作者总结自己多年的临床实践经验,并广泛收集国内外有关资料撰写而成的。全书系统介绍了常见危险化学品的毒理学以及中毒后的急救措施。
●
相关链接 在E读中查询图书 在五车中查询图书 在当当中查询图书 在豆瓣中查询图书


正题名:危险化学品事故急救     索取号:R595.059.7/96         预约/预借

序号 登录号 条形码 馆藏地/架位号 状态 备注
1 0574667   205746674   第二样本阅览室/ [索取号:R595.059.7/96] 在馆    
2 0574668   205746683   教育系资料室/ [索取号:R595.059.7/96] 在馆    
3 0574669   205746692   第三借阅区/ [索取号:R595.059.7/96] 在馆    
4 0574670   205746709   第三借阅区/ [索取号:R595.059.7/96] 在馆    
5 0574671   205746718   教育系资料室/ [索取号:R595.059.7/96] 在馆    
6 0574672   205746727   教育系资料室/ [索取号:R595.059.7/96] 在馆    
7 0574673   205746736   教育系资料室/ [索取号:R595.059.7/96] 在馆    
8 0574674   205746745   第三借阅区/ [索取号:R595.059.7/96] 在馆    
唐山师范学院图书馆 欢迎您!
大连网信软件有限公司© 版权所有